000 00440nam a2200181Ia 4500
001 10737
005 20260306161854.0
008 260306t1981||||xx |||||||||||||| ||spa||
041 _aESP
082 _a946.52
_bM61
100 _aMina Apat, María Cruz
_eAUT
245 0 _aFueros y revolución liberal en Navarra
260 _c1981
300 _a237 páginas :
_c20 cm.
650 _aGEN
654 _aCHU
942 _cLIB
_dJUS
_fJUS
_2ddc
_n
999 _c10737
_d10737